000 00465nam a2200169Ia 4500
999 _c19691
_d19691
003 OSt
005 20200630112557.0
008 190216s9999||||xx |||||||||||||| ||und||
040 _coclc
082 _a934
_bMAH/A
100 _a Mahajan, Vidya Dhar
_91752
245 0 _aAncient India /
_cVidya Dhar Mahajan
260 _bS Chand & Co,
_c1974.
_aNew Delhi:
300 _a675p
650 _aHistory
942 _cBK
_2ddc
_h934
_iMAH/A
_k934
_mMAH/A